| 000 | 00449nam a22001697a 4500 | ||
|---|---|---|---|
| 005 | 20240304185236.0 | ||
| 008 | 240304b |||||||| |||| 00| 0 eng d | ||
| 020 | _a9781593278885 | ||
| 082 |
_a005.133 _bLOS-C |
||
| 100 | _aLospinoso, Josh | ||
| 245 | _aC++ Crash Course / | ||
| 260 |
_aUSA: _bNo starch press; _c2019. |
||
| 300 |
_axxviii, 732p; _c23cm. _bill, |
||
| 500 | _aInclude Index. | ||
| 650 | _aComputer Science/Programming | ||
| 999 |
_c35203 _d35203 |
||